zpět

Detail výsledku týmu

Trojka, Brno

Datum a čas kvízu

37 Celkem bodů Celkový počet nahraných bodů na tomto kvízu bez doplňovacích otázek.
2. Pořadí na kvízu Konečné umístění týmu na tomto kvízu.

Zaznamenané odpovědi

# Otázka Odpověď Body Výsledky
1. Doufáme, že jste ve čtvrtek ne... Speed Marathon 1
2. Minulý týden proběhla médii zp... v Benátkách 1
3. Který český „mistr basů“ oslav... Karel Vágner 0
4. Jeden český státní podnik, kte... České dráhy 1
5. Rakouský 22letý skokan na lyží... Skákal téměř nahý (pouze v plavkách typu „Borat“). 0
6. Budeme se zabývat pěti filmy,... Elijah Wood, Pán prstenů: Dvě věže 1
7. Snímek Pan Jones z roku 2019 v... Agnieszka Holland 1
8. Paní Wilberforceová je výstřed... Lupiči paní domácí 0
9. Děj bláznivé sci-fi komedie Za... Oldřich Lipský, Petr Čepek 0
10. V roce 2009 vznikl animovaný f... Lišák 1